051_ Personnalités nées un 21 février par images - Statistiques

Statistiques générales
  • Ce quiz a été pris 30 fois
  • Le résultat moyen est 2 sur 9
Statistiques - réponses
Par images Hint Réponse % Correct
Doyenne de France Jeanne Calment
93%
Acteur Elliot Page
43%
Chanteuse Nina Simone
40%
Actrice Sophie Turner
30%
Humoriste Benjamin Tranié
20%
Dirigeant Politique Robert Mugabe
10%
Actrice et Mannequine Ashley Greene
3%
Roi Harald V
3%
Philosophe John Rawls
3%
Aucun quiz correspondant
Distribution des résultats
% des personnes avec chaque résultat
Percentile par nombre de réponses
Votre historique - résultats
Vous n’avez pas pris ce quiz